| 000 | 01795nam a2200397 i 4500 | ||
|---|---|---|---|
| 003 | DO-SdBNP | ||
| 005 | 20250828124737.0 | ||
| 007 | ta | ||
| 008 | 240814b2022 dr o|||| |||| 00| 0 spa d | ||
| 020 | _a9789945942408 | ||
| 040 |
_aDO-SdBNP _bspa _cBNPHU _erda |
||
| 041 | _aspa | ||
| 082 | 4 |
_a306.097293 _bC397a 2022 _222 |
|
| 110 | 1 | 0 |
_aCentro Cultural Eduardo León Jimenes _986340 |
| 245 | 1 | 0 |
_aAnuario : _bun año de fortalecimiento institucional 2022. |
| 264 | 1 |
_aSantiago de los Caballeros : _bCentro León, _c2022. |
|
| 300 |
_a229 páginas : _bilustracione, fotografías ; _c30 cm. |
||
| 336 |
_atexto _btxt _2rdacontent |
||
| 337 |
_asin mediación _bn _2rdamedia |
||
| 338 |
_avolumen _bnc _2rdacarrier |
||
| 505 | _aExposiciones temporales 12 -- Extensión cultural 58 -- Gestión de colecciones 100 -- Educación (Cursos, talleres y capacitaciones) 116 -- Navidad centro León 152 -- 25 aniversario Premio nacional, feria del libro Eduardo Jimenes 142 -- El centro León en número 170 | ||
| 590 | _aInventariado, 2024/ DG | ||
| 610 | 2 | 0 |
_aCentro Cultural Eduardo León Jimenes _986340 |
| 650 | 7 |
_aArte _zRepública Dominicana _981690 _2LEMB |
|
| 650 | 7 |
_aCultura _zRepública Dominicana _91983 _2LEMB |
|
| 650 | 4 |
_aArte _zRepública Dominicana _986341 _vExposiciones _2LEMB |
|
| 650 | 7 |
_aCentros culturales _zRepública Dominicana _2LEMB _981691 |
|
| 700 | 1 |
_aGuzmán, Alexandra, _ecoordinación _4coord. _984595 |
|
| 700 | 1 |
_aCeballos, Grisneldy, _eredactor _4red. _986323 |
|
| 700 | 1 |
_aPajot, Ismérie, _etraductor _4trad. _982779 |
|
| 700 | 1 |
_aImbert, Gema, _etraductor _4tr. _986609 |
|
| 700 | 1 |
_aAsilis de Matos, María Luisa, _ecuidado editorial _986610 |
|
| 700 | 1 |
_aSuero, Camilo, _ecuidado editorial _986611 |
|
| 910 | _aDG/Validado. Control de calidad MFF | ||
| 942 |
_2ddc _cLBS1 |
||
| 999 |
_c57454 _d57454 |
||